| 000 | 00456nam a22001697a 4500 | ||
|---|---|---|---|
| 003 | BD-ChCU | ||
| 005 | 20251118093451.0 | ||
| 008 | 251118b bg ||||| |||| 00| 0 ben d | ||
| 040 | _cBD-ChCU | ||
| 082 | _a636.308 SPS | ||
| 100 |
_aSpeedy , Andrew W. _916314 |
||
| 245 |
_aSheep production : _bScience into practice./ _cW. Andrew , Speedy. |
||
| 260 |
_aLondon : _bLongman , _cC 1980 |
||
| 300 | _a195p | ||
| 650 | 0 |
_aSheep. _916318 |
|
| 942 |
_2ddc _cBK _n0 |
||
| 999 |
_c109533 _d109533 |
||